000 00815nam a2200301 a 4500
003 AR-BaBNM
005 20251128204922.0
008 082120s2002 ||||||||||||||000 | spa||
020 _a968-16-0271-4
040 _cAR-BaBNM
100 1 _aMills, C. Wright
245 0 0 _aLa imaginación sociológica
250 _a1ª ed.
260 _aMéxico, D.F.
_bFondo de Cultura Económica
_c1986
300 _a236 p.
_btablas
490 0 _aSección de obras de sociología
650 4 _aSOCIOLOGOS
650 4 _aSOCIOLOGIA
650 4 _aTEORIA
650 4 _aSOCIOLOGIA POLITICA
650 4 _aFILOSOFIA
650 4 _aENSEÑANZA DE LAS CIENCIAS SOCIALES
651 4 _aEstados Unidos
700 1 _aGermani, Gino
_eprologuista
700 1 _aTorner, Florentino M.
_etraductor
942 _cBK
998 _cEnrique
999 _c9333
_d9333